Logo BPK

Biblioteka

Politechniki Koszalińskiej

Zagadnienia korekcji błędów pomiaru mocy czynnej i wartości skutecznej w mikroprocesorowych przyrządach pomiarowych / (Rekord nr 28753)

Szczegóły MARC
000 -ETYKIETA REKORDU
podpole kontrolne o stałej długości 00645nam a2200169 i 4500
001 - NUMER KONTROLNY REKORDU
pole kontrolne bg
040 ## - ŹRÓDŁO KATALOGOWANIA
Instytucja, która utworzyła rekord BPK
041 ## - KOD JĘZYKA
Kod języka tekstu pol
080 ## - UNIWERSALNA KLASYFIKACJA DZIESIĘTNA - UKD
UKD 621.317:681.322
008 - POLE O STAŁEJ DŁUGOŚCI - DANE KONTROLNE
podpole kontrolne o stałej długości s pl f |000 0 pol
100 1# - NAZWA OSOBOWA
Nazwa osobowa BOLIKOWSKI, Jerzy
245 #0 - TYTUŁ/ODPOWIEDZIALNOŚĆ
Tytuł Zagadnienia korekcji błędów pomiaru mocy czynnej i wartości skutecznej w mikroprocesorowych przyrządach pomiarowych /
Pozostałe elementy strefy tytułu i oznaczenia odpowiedzialności J. Bolikowski.
260 ## - STREFA ADRESU WYDAWNICZEGO
Miejsce wydania Zielona Góra,
Data publikacji, dystrybucji/powstania dokumentu 1988.
490 1# - STREFA SERII I DOKUMENTU WIELOCZĘŚCIOWEGO - FORMA NIE DO WYSZUKIWANIA
Tytuł i oznaczenie odpowiedzialności serii Monografia / Wyższa Szkoła Inżynierska im. Jurija Gagarina w Zielonej Górze ;
Numeracja w obrębie serii 46
830 #0 - HASŁO DODATKOWE SERII LUB DOKUMENTU WIELOCZĘŚCIOWEGO - TYTUŁ UJEDNOLICONY
Tytuł ujednolicony Monografia (Wyższa Szkoła Inżynierska im. Jurija Gagarina w Zielonej Górze) ;
Oznaczenie tomu 46
856 ## - LOKALIZACJA I DOSTĘP DO ELEKTRONICZNYCH DOKUMENTÓW ZDALNYCH
Link (URL) http://koha.tu.koszalin.pl/cgi-bin/koha/opac-detail.pl?biblionumber=28753
Tekst linku Katalog online BPK
942 ## - DODATKOWE ELEMENTY (KOHA)
Typ dokumentu Książka
Egzemplarze
Wycofany Status egzemplarza Uszkodzony Dostępność Lokalizacja stała Lokalizacja bieżąca Miejsce przechowywania Sygnatura Kod kreskowy Ostatnio wypożyczono Typ dokumentu
      Dostępny Biblioteka Politechniki Koszalińskiej Biblioteka Politechniki Koszalińskiej Wypożyczalnia BG 34646 01596755 17.10.2022 Książka
© 2023 Biblioteka Politechniki Koszalińskiej :: KOHA